000 00330nam a2200121Ia 4500
008 220204s9999 xx 000 0 und d
082 _a678:541.6
_bHIG.15
100 _aChapiro, Adolphe
245 0 _aRadiation chemistry of polymeric systems
260 _aNew York
_bJohn Wiley
_c1962
650 _aRadiation chemistry
942 _cBK
999 _c19699
_d19699